From Crippling Emotions To Can-Do Attitude (Record no. 96396)

MARC details
000 -LEADER
fixed length control field 00556nam a2200217Ia 4500
005 - DATE AND TIME OF LATEST TRANSACTION
control field 20251122104504.0
008 - FIXED-LENGTH DATA ELEMENTS--GENERAL INFORMATION
fixed length control field 230125s9999 xx 000 0 und d
020 ## - INTERNATIONAL STANDARD BOOK NUMBER
International Standard Book Number 9788130924267
041 ## - LANGUAGE CODE
Language code of text/sound track or separate title eng
082 ## - DEWEY DECIMAL CLASSIFICATION NUMBER
Classification number 158.1
Item number JAY
100 ## - MAIN ENTRY--PERSONAL NAME
Author Jayapriya
245 ## - TITLE STATEMENT
Title From Crippling Emotions To Can-Do Attitude
250 ## - EDITION STATEMENT
Edition statement 1st Ed.
260 ## - PUBLICATION, DISTRIBUTION, ETC.
Date of publication, distribution, etc. 2016
Name of publisher, distributor, etc. Viva Books
Place of publication, distribution, etc. New Delhi
300 ## - PHYSICAL DESCRIPTION
Extent 128p
500 ## - GENERAL NOTE
Keywords Personality Development
650 ## - SUBJECT ADDED ENTRY--TOPICAL TERM
Topical term or geographic name entry element Personality Development
700 ## - ADDED ENTRY--PERSONAL NAME
Personal name Jayapriya
942 ## - ADDED ENTRY ELEMENTS (KOHA)
Koha item type Books
906 ## - LOCAL DATA ELEMENT F, LDF (RLIN)
b 70
Holdings
Withdrawn status Lost status Damaged status Not for loan Home library Current library Date acquired Vendor Net Price Bill number Total Checkouts Full call number Barcode Date last seen Actual Price Bill Date Koha item type Original Barcode
        Smt. Hiraben Nanavati Institute of Management & Research for Women Smt. Hiraben Nanavati Institute of Management & Research for Women 29/02/2020 Forward Books 250.00 11222   158.1 JAY B20218 HIMR-BK-20218 25/01/2023 180.00 25/01/2023 Books B20218
        Smt. Hiraben Nanavati Institute of Management & Research for Women Smt. Hiraben Nanavati Institute of Management & Research for Women 29/02/2020 Forward Books 250.00 11222   158.1 JAY B20219 HIMR-BK-20219 25/01/2023 180.00 25/01/2023 Books B20219